000 005810000a22001810004500
090 _aAR
_b02931
245 1 0 _aBiodiversity reserves: setting new priorities for the conservation of wildlife
650 1 4 _aAreas protegidas
_978
650 1 4 _aPrioridades de conservación
_96993
650 1 4 _aRiqueza de especies
_93326
650 1 4 _aTaxonomía
_992343
041 0 _aInglés
700 1 _aVane Wright, Dick
_996476
700 1 _aWilliams, Paul
_996338
100 1 _aHumphries, Chris
_996337
942 _cARTICULO
773 1 _tParks: Protected Areas Programme
_3920
_h2
_q34-38
_d1991
_g2
999 _c11990
_d11990